000 00777nam a2200181 a 4500
008 080109s1975 ||||||||||||||||| || u
050 _aHD 31 Pet
100 _aPetit, Thomas A
245 1 0 _aFundamentals of management coordination
246 _asupervisors, middle managers, and executives
260 _aNew York
_bJohn Wiley and Sons
_c1975
300 _axiv, 511p. : ill.
350 _a0.00
650 0 _aMANAGEMENT
650 _aMANAGEMENT COORDINATION
995 _aMAIN LIBRARY OPEN ACCESS
_D0.00
_e706407
_FCBU-MAIN LIBRARY (Kitwe)
_H1
_I0.00
_jHD 31 Pet
_M1
_UAVAILABLE
_y003393
_ZMain Library Open Access Collection
995 _aMAIN LIBRARY OPEN ACCESS
_D0.00
_e729386
_FCBU-MAIN LIBRARY (Kitwe)
_H2
_I0.00
_jHD 31 Pet
_M2
_UAVAILABLE
_y021393
_ZMain Library Open Access Collection
999 _c63361
_d63361